00844nam a22002055i 4500001000700000003000900007005001700016008004100033040002000074100003400094245016600128250002800294260003800322300002600360490008400386650002500470651002300495830008400518852003600602154737ES-MaACL20251003063135.0040709s1877 gw |||| | ger d aCAM bspa cCAM1 aGraetz, Heinrich, d1817-189110aGeschichte der Juden von der Berbannung der Juden aus Spanien und Portugal (1496) bis zur dauernden Ansiedelung der Marranen in Holland (1618) / cvon H. Graetz. a2. ver. und verb. Aufl. aLeipzig : bOskar Leiner, c1877. aXI, 608 p. ; c21 cm.1 aGeschichte der Israeliten von den ästesten Zeiten bis auf die Gegenwart ; v9 aJudíos-vHistoria. 4aIsrael-xHistoria.0 aGeschichte der Israeliten von den ästesten Zeiten bis auf die Gegenwart ; v9 aES-MaACLjG-2581 z-- Enc. hol.